| 000 | 00762nam a2200253Ia 4500 | ||
|---|---|---|---|
| 003 | OSt | ||
| 005 | 20220928130344.0 | ||
| 006 | a|||||r|||| 00| 0 | ||
| 007 | ta | ||
| 008 | 220927b |||||||| |||| 00| 0 eng d | ||
| 020 | _c250 | ||
| 024 | _a124982 | ||
| 037 |
_b3381, 20/11/2014, R.K. Book Universal _cTextual |
||
| 040 |
_aSDCL _cSDCL _beng |
||
| 041 |
_2eng _aeng |
||
| 082 | _aD6,8(B), Q3 | ||
| 100 |
_aGhosh Debidas _9473660 |
||
| 245 | 0 | _aIntroduction to theory of automata, formal languages and computation, an. | |
| 260 |
_aDelhi _bPHI learning P. Ltd. _c2014 |
||
| 300 |
_axx;243p. _ccm. |
||
| 650 | _aI I C | ||
| 942 |
_hD6,8(B), Q3 _cTEXL _2CC |
||
| 999 |
_c786255 _d786255 |
||